Zoikina kvartira : okonchatelnyi tekst /

Bibliographic Details
Main Author: Bulgakov, Mikhail, 1891-1940
Format: Book
Language:Russian
English
Published: Ann Arbor, Mich. : Ardis, 1971.

MARC

Tag First Indicator Second Indicator Subfields
LEADER 00000cam a2200000 a 4500
001 in00000073000
005 20151008060013.0
008 720427s1971 miuc b 00011 rus d
035 |a (OCoLC)00295547 
035 |9 AAJ4936AM 
040 |c DRB  |d TXA  |d UtOrBLW 
041 1 |a rus  |a eng 
049 |a TXAM  |c [1407065] 
090 |a PG3476.B78  |b Z39 
100 1 |a Bulgakov, Mikhail,  |d 1891-1940. 
245 1 0 |a Zoikina kvartira :  |b okonchatelnyi tekst /  |c M. Bulgakov ; introduction by Ellendea Proffer. 
264 1 |a Ann Arbor, Mich. :  |b Ardis,  |c 1971. 
300 |a xix, 46 pages :  |b portrait ;  |c 22 cm. 
336 |a text  |b txt  |2 rdacontent 
337 |a unmediated  |b n  |2 rdamedia 
338 |a volume  |b nc  |2 rdacarrier 
500 |a Title romanized. 
500 |a A play. 
500 |a "This is the first publication ... of the Russian text of Zoya's apartment."--Pref. 
500 |a Introduction in English, text in Russian (Cyrilic) 
740 0 |a Zoya's apartment. 
999 |a MARS 
999 f f |s be719d09-f8f0-3064-b9c7-a3a49664841d  |i 9a79bcb9-9870-310a-9209-696f583f9736  |t 0 
952 f f |p ric  |a Texas A&M University  |b Rellis Campus  |c Joint Library Facility  |s JLF  |d Remote Storage  |t 0  |e PG3476.B78 Z39  |h Library of Congress classification  |i unmediated -- volume  |m A14806175711 
998 f f |a PG3476.B78 Z39  |t 0  |l Remote Storage